Jog és kultúra
Elmentve itt :
| Testületi szerző: | |
|---|---|
| További közreműködők: | |
| Dokumentumtípus: | Könyv része |
| Megjelent: |
Szegedi Tudományegyetem Állam- és Jogtudományi Kar Doktori Iskola
Szeged
2018
|
| Sorozat: | Szegedi Jogász Doktorandusz Konferenciák
9 Szegedi Jogász Doktorandusz Konferenciák 9 |
| Kulcsszavak: | Jogtörténet - magyar - tanulmányok, Jogtudomány - tanulmányok |
| Tárgyszavak: | |
| Online Access: | http://acta.bibl.u-szeged.hu/74893 |
| LEADER | 00950naa a2200253 i 4500 | ||
|---|---|---|---|
| 001 | acta74893 | ||
| 005 | 20231130095518.0 | ||
| 008 | 220324s2018 hu o 1|| hun d | ||
| 020 | |a 978-963-306-624-9 | ||
| 022 | |a 2063-3807 | ||
| 040 | |a SZTE Egyetemi Kiadványok Repozitórium |b hun | ||
| 041 | |a hun | ||
| 041 | |a eng | ||
| 245 | 0 | 0 | |a Jog és kultúra |h [elektronikus dokumentum] |
| 260 | |a Szegedi Tudományegyetem Állam- és Jogtudományi Kar Doktori Iskola |b Szeged |c 2018 | ||
| 300 | |a 198 |c 23 cm | ||
| 490 | 0 | |a Szegedi Jogász Doktorandusz Konferenciák |v 9 | |
| 490 | 0 | |a Szegedi Jogász Doktorandusz Konferenciák |v 9 | |
| 650 | 4 | |a Társadalomtudományok | |
| 650 | 4 | |a Jogtudomány | |
| 695 | |a Jogtörténet - magyar - tanulmányok, Jogtudomány - tanulmányok | ||
| 700 | 0 | 1 | |a Fejes Zsuzsanna |
| 710 | |a Jog és kultúra (2018) (Szeged) | ||
| 856 | 4 | 0 | |u http://acta.bibl.u-szeged.hu/74893/1/szegedi_jogasz_doktorandusz_konf_009.pdf |z Dokumentum-elérés |